Sinh học vi sinh vật Giáo trình đào tạo giáo viên trung học cơ sở hệ cao đẳng sư phạm

Đặc điểm cấu tạo các loài vi sinh vật. Hoạt động sinh trưởng và phát triển của vi sinh vật. Các vấn đề về truyền nhiễm, miễn dịch và di truyền học ở vi sinh vật

שמור ב:
מידע ביבליוגרפי
מחבר ראשי: Nguyễn Thành Đạt (Chủ biên)
מחברים אחרים: Mai Thị Hằng (Tác giả)
פורמט: ספר
שפה:Vietnamese
יצא לאור: H. Giáo dục 2000
סדרה:Sách Cao đẳng sư phạm
נושאים:
תגים: הוספת תג
אין תגיות, היה/י הראשונ/ה לתייג את הרשומה!
Thư viện lưu trữ: Mạng thư viện Đại học Đà Nẵng
LEADER 01574nam a22003978a 4500
001 000013459
003 9801
005 20120315100304.0
008 120315s2000 b 000 0 od
020 |c 25200đ  |d 3000b 
041 0 |a 0006 
041 0 |a vie 
080 |a 57A(075.3) 
082 |a 579  |b NG-D 
084 |a E4z73  |b S312H 
100 1 |a Nguyễn Thành Đạt  |e Chủ biên 
245 1 0 |a Sinh học vi sinh vật  |b Giáo trình đào tạo giáo viên trung học cơ sở hệ cao đẳng sư phạm  |c Nguyễn Thành Đạt (ch.b), Mai Thị Hằng 
260 |a H.  |b Giáo dục  |c 2000 
300 |a 283tr : hình vẽ  |c 27cm 
490 |a Sách Cao đẳng sư phạm 
500 |a ĐTTS ghi: Bộ Giáo dục và Đào tạo. - Thư mục: tr. 278 
520 |a Đặc điểm cấu tạo các loài vi sinh vật. Hoạt động sinh trưởng và phát triển của vi sinh vật. Các vấn đề về truyền nhiễm, miễn dịch và di truyền học ở vi sinh vật 
653 |a Giáo trình 
653 |a Vi sinh vật 
653 |a Sinh học 
700 1 |a Mai Thị Hằng  |e Tác giả 
OWN |a LSP 
AVA |a UDN50  |b LSP  |d 579 NG-D  |e available  |t Error 5001 Not defined in file expand_doc_bib_avail.  |f 3  |g 0  |h N  |i 0  |k 1 
999 |a From the UDN01 
AVA |a UDN50  |b LSP  |d 579 NG-D  |e available  |t Error 5001 Not defined in file expand_doc_bib_avail.  |f 3  |g 0  |h N  |i 0  |k 1 
TYP |a Monograph 
TYP |a Printed language 
980 |a Mạng thư viện Đại học Đà Nẵng